Des logos de marques - Statistiques

Statistiques générales
  • Ce quiz a été pris 786 fois
  • Le résultat moyen est 11 sur 12
Statistiques - réponses
Par images Réponse % Correct
ADIDAS
100%
NETFLIX
99%
YOUTUBE
98%
GOOGLE
97%
FACEBOOK
96%
OPEL
88%
GUCCI
87%
SKODA
87%
CHEVROLET
84%
JETPUNK
83%
REAL MADRID
79%
ARSENAL
67%
Aucun quiz correspondant
Distribution des résultats
% des personnes avec chaque résultat
Percentile par nombre de réponses
Votre historique - résultats
Vous n’avez pas pris ce quiz